• 首页
  • 本馆介绍
  • 公告通知
  • 最新文献
  • 馆藏检索
  • 电子资源
  • 读者导购
  • 参考咨询
  • 我的图书馆
  • 登录
  • 详细信息显示
  • 放入我的书架
  • 预约/预借图书
  • 作者相关作品
  • 分类相关作品
  • 丛书相关作品
  • 出版社相关作品

书目信息

  • 表格格式
  • 工作单格式
  • 卡片格式
题名:
半导体及其应用
    
 
作者: 靳恭 , 武驯 编
分册:  
出版信息: 北京   科学出版社  1975
页数: 178页
开本: 19cm
丛书名:
单 册:
中图分类: TN3
科图分类:
主题词: 半导体技术
电子资源:
ISBN:
000 00613nam0 2200229 45
001 0175002216
005 20060722154227.04
010    @dCNY0.35
100    @a19951012d1975 em y0chiy0121 ea
101 0  @achi
102    @aCN@b110000
105    @ay z 000yy
200 10 @a半导体及其应用@Aban dao ti ji ji ying yong@f靳恭,武驯编@Fjin gong,wu xun bian
210    @a北京@c科学出版社@d1975
215    @a178页@d19cm
606    @a半导体技术
690    @aTN3@v3 
701  0 @a靳恭@Ajin gong@4编
701  0 @a武驯@Awu xun@4编
801  2 @aCN@bNLC@c20060722
801  0 @aCN@bTSSF@c20060718
905    @a10447@dTN3@e2
    
    半导体及其应用/靳恭,武驯编.-北京:科学出版社,1975
    178页;19cm
    
    
    ISBN :CNY0.35
    
●
相关链接 在E读中查询图书 在五车中查询图书 在当当中查询图书 在豆瓣中查询图书


正题名:半导体及其应用     索取号:TN3/2         预约/预借

序号 登录号 条形码 馆藏地/架位号 状态 备注
1 0008759   202167939   密集书库/ [索取号:TN3/2] 在馆    
2 0008761   202168803   密集书库/ [索取号:TN3/2] 在馆    
3 0008763   202168518   密集书库/ [索取号:TN3/2] 在馆    
4 0008764   202168484   密集书库/ [索取号:TN3/2] 在馆    
5 0008765   202167966   密集书库/ [索取号:TN3/2] 在馆    
6 0008767   202168509   密集书库/ [索取号:TN3/2] 在馆    
7 0008769   202168858   密集书库/ [索取号:TN3/2] 在馆    
8 0008770   202168475   密集书库/ [索取号:TN3/2] 在馆    
9 0437290   204372909   密集书库/ [索取号:TN3/2] 在馆    
10 0437423   204374239   密集书库/ [索取号:TN3/2] 在馆    
11 0438120   204381203   密集书库/ [索取号:TN3/2] 在馆    
唐山师范学院图书馆 欢迎您!
大连网信软件有限公司© 版权所有